00874nam a2200253 u 450000100070000000500170000700800410002403500110006504000130007604100080008908200080009710000500010524501690015526000430032430000100036765000380037765000260041565000420044165000500048365000260053365000410055950200120060052600080061258014920260506084313.0000215s1999 ||||||m| spa  a580149 ccomduadb aspa 4a62110aGonzález Garibello, Beatriz Elena4auteaut10aDocumentación de programas y diseño de manuales para los PLC Elico CP90 y ABB Procontic K200 utilizados en casa máquinas Central Hidroeléctrica de Guatapé aMedellín :b[sin publicador],c1999. a178h. 7aCentrales hidroeléctricas2lemb aGuatapé (Antioquia) aGeneración de energía eléctrica 7aDistribución de energía eléctrica2lemb aEnergía eléctrica aControladores lógicos programables b173c17 a175